[Event "ROM-ch U10"]
[Site "Calimanesti"]
[Date "2018.03.29"]
[Round "3"]
[White "Coman, Andrei M"]
[Black "Gutanu, Bogdan Alexandru"]
[Result "1-0"]
[WhiteElo "1081"]
[BlackElo "1097"]
[PlyCount "52"]
[EventDate "2018.03.27"]
[EventType "swiss"]
[EventRounds "9"]
[EventCountry "ROU"]
[SourceTitle "CBM 183 Extra"]
[Source "ChessBase"]
[SourceDate "2018.04.19"]
[SourceVersion "1"]
[SourceVersionDate "2018.04.19"]
[SourceQuality "1"]

1. e4 e6 2. d4 d5 3. exd5 exd5 4. Bd3 Nc6 5. Nf3 Be6 6. 0-0 Bd6 7. h3 Nf6 8. Nc3 Qd7 9. Re1 0-0 10. Ne5 Qe8 11. Qe2 Nb4 12. f4 Nxd3 13. Qxd3 Bxe5 14. dxe5 Nd7 15. Nxd5 Nc5 16. Qf3 Qd7 17. Nc3 Bf5 18. Rd1 Qe6 19. Be3 b6 20. Rd2 Rad8 21. Rad1 Rxd2 22. Rxd2 Qg6 23. g4 Ne4 24. Rg2 Nxc3 25. gxf5 Ne2+ 26. Qxe2 Qxf5 1-0

[Event "ROM-ch U08"]
[Site "Baile Felix"]
[Date "2017.02.03"]
[Round "2"]
[White "Ungureanu, Andrei"]
[Black "Gutanu, Bogdan Alexandru"]
[Result "1-0"]
[WhiteElo "1001"]
[BlackElo "1005"]
[PlyCount "39"]
[EventDate "2017.02.02"]
[EventType "swiss"]
[EventRounds "9"]
[EventCountry "ROU"]
[SourceTitle "CBM 176 Extra"]
[Source "ChessBase"]
[SourceDate "2017.03.02"]
[SourceVersion "1"]
[SourceVersionDate "2017.03.02"]
[SourceQuality "1"]

1. d4 Nf6 2. c4 e6 3. Nc3 d5 4. Bg5 h6 5. Bxf6 gxf6 6. e3 c5 7. dxc5 Bxc5 8. cxd5 exd5 9. Qxd5 Qxd5 10. Nxd5 Bd6 11. Nxf6+ Kf8 12. Rc1 Bb4+ 13. Ke2 Bf5 14. g4 Bh7 15. Nxh7+ Rxh7 16. Rc8+ Kg7 17. Bg2 Rh8 18. Rxh8 Kxh8 19. Bxb7 Na6 20. Bxa8 1-0